|
|
|
|
| LEADER |
01166nam a2200241 i 4500 |
| 003 |
GR-PaULI |
| 005 |
20220922110138.0 |
| 008 |
220922b gr g 000 1 gre d |
| 952 |
|
|
|0 0
|1 0
|2 ddc
|4 0
|6 823_914000000000000_DUR
|7 1
|9 364494
|a LISP
|b LISP
|c DON
|d 2022-09-22
|e ΨΥΧ
|i 258259
|l 0
|o 823.914 DUR
|p 025000294559
|r 2022-09-22 00:00:00
|t 1
|w 2022-09-22
|y BKN
|
| 999 |
|
|
|c 213051
|d 213051
|
| 040 |
|
|
|a GR-PaULI
|b gre
|c GR-PaULI
|e AACR2
|
| 041 |
1 |
|
|h eng
|k gre
|
| 082 |
0 |
4 |
|2 23
|a 823.914
|
| 100 |
1 |
|
|9 158914
|a Durrell, Gerald,
|d 1925-
|e συγγραφέας.
|
| 245 |
1 |
2 |
|a Η οικογένεια μου και άλλα ζώα /
|c Τζέραλντ Ντάρελ ; μετάφραση Μαρίνα Δημητρά, Δήμητρα Σίμου.
|
| 260 |
|
|
|a [Χ.τ.] :
|b Άμμος,
|c [χ.χ.].
|
| 300 |
|
|
|a 342 σ. ;
|c 21 εκ.
|
| 650 |
|
4 |
|9 54970
|a Αγγλική λογοτεχνία
|x Μεταφράσεις στα ελληνικά
|
| 650 |
|
4 |
|9 156400
|a Ζωολογία
|z Ελλάδα
|
| 700 |
1 |
|
|9 193984
|a Δημητρά, Μαρίνα
|e μεταφράστρια.
|
| 700 |
1 |
|
|9 55041
|a Σίμου, Δήμητρα
|e μεταφράστρια.
|
| 942 |
|
|
|2 ddc
|c BK
|
| 998 |
|
|
|c Σαλαμούρα
|d 2022-09
|